000 01980nam0a2200361 i 4500
001 RU\NLR\bibl\2024851
005 20260407080314.0
010 _a5825120608
_91000
021 _aRU
_b2013-23761
_91647
035 _a(NLR Aleph) 002012935
090 _a4467686
_c4467686
100 _a20130416d2012 um y0rusy50 ca
101 0 _arus
102 _aRU
_aDE
_aFR
105 _aa||||||||||||
200 1 _aКак формировать толерантность в полиэтничных регионах
_e(учебное пособие)
_fИн-т Европы РАН [и др.
_fБеленькая Е.Э. и др.
_gредкол.: сопред:. Шмелев Н.П., акад. РАН, Болье Р. Ph.D., проф., Видаль Ф., Ph.D., проф. и др.]
210 _aМосква [и др.]
_cИнститут Европы РАН [и др.]
_d2012
215 _a309, [1] с., [8] л. цв. ил.
_cил.
_d25
300 _aВ надзаг. также: М-во образования и науки Астрах. обл., Междунар. проект "Диалоговое партнерство как фактор стабильности и интеграции", ун-т г. Ниццы София-Антиполис [и др.]
320 _aБиблиогр. в подстроч. примеч.
606 _aТолерантность этническая
_jСборники
_92125682
_3RU\NLR\AUTH\661586841
686 1 _aТ3(0) 63-56я43
686 1 _aС550.67я43
702 1 _aБеленькая
_bЕ.Э.
_4220
702 1 _4340
_8rus
_7ca
_aШмелев
_bН. П.
_cд-р экон. наук, писатель
_f1936-2014
_gНиколай Петрович
_3RU\NLR\AUTH\7744659
_927599
702 1 _aБольс
_bР.
_4340
702 1 _aВидаль
_bФ.
_4340
712 0 2 _4570
_aИнститут Европы
_cМосква
_3RU\NLR\AUTH\884931
_9281472
801 0 _aRU
_bNLR
_c20130416
_gRCR
801 1 _aRU
_bNLR
_c20130416
942 _cBOOK
980 _aNBR